Operating Systems (Record no. 1183)

MARC details
000 -LEADER
fixed length control field 00368nam a22001457a 4500
008 - FIXED-LENGTH DATA ELEMENTS--GENERAL INFORMATION
fixed length control field 170518b xxu||||| |||| 00| 0 eng d
020 ## - INTERNATIONAL STANDARD BOOK NUMBER
International Standard Book Number 9789332518803
082 ## - DEWEY DECIMAL CLASSIFICATION NUMBER
Edition number 7th
Item number 1249
100 ## - MAIN ENTRY--PERSONAL NAME
Author Stallings, William
245 ## - TITLE STATEMENT
Title Operating Systems
Remainder of title Internals and Design Principles
250 ## - EDITION STATEMENT
Edition statement 7th
260 ## - PUBLICATION, DISTRIBUTION, ETC.
Place of publication, distribution, etc. Noida
Name of publisher, distributor, etc. 2014
Date of publication, distribution, etc. Pearson
300 ## - PHYSICAL DESCRIPTION
Extent 708
942 ## - ADDED ENTRY ELEMENTS (KOHA)
Koha item type Books
Holdings
Withdrawn status Lost status Source of classification or shelving scheme Damaged status Not for loan Collection code Home library Current library Date acquired Vendor Net Price Total Checkouts Full call number Barcode Date last seen Date last checked out Discount Actual Price Bill Date Koha item type Original Barcode
    Dewey Decimal Classification     BCA MKSSS s K.B. Joshi Institute of Information Technology Library MKSSS s K.B. Joshi Institute of Information Technology Library 18/05/2017 The Forward Books 819.00 3 1249 KBJP-BK-1249 12/09/2023 07/09/2023 1249 819.00 18/05/2017 Books 1249